| 000 | 00858 a2200193 4500 | ||
|---|---|---|---|
| 999 |
_c332296 _d332296 |
||
| 003 | NUST | ||
| 005 | 20171123094144.0 | ||
| 008 | 171123b xxu||||| |||| 00| 0 eng d | ||
| 020 | _a 812391492X | ||
| 040 | _c0 | ||
| 082 | _a940.076 DAY | ||
| 100 |
_aDayal, Raghubir _96693 |
||
| 245 |
_aA Textbook of Modern European History _cRaghubir Dayal. |
||
| 250 | _a2nd ed. | ||
| 260 |
_aNew Delhi: _bCSB Publishers & Distributors, _c 2009. |
||
| 300 |
_axv, 599 p. _c20 cm. |
||
| 500 | _aIncludes Index | ||
| 501 | _aP.B | ||
| 650 |
_a1.History, Modern--20th century--Outlines, syllabi, etc. 2.Europe--History--1789--1990--Outlines. _96694 |
||
| 942 |
_cBK _kIESE _2ddc |
||